|
|
|
|
| LEADER |
00000cam a2200000 7i4500 |
| 001 |
0000002580 |
| 005 |
20030818.0 |
| 020 |
0 |
0 |
|a 9836218017
|
| 090 |
0 |
0 |
|a 349.595
|b AHM 2002
|
| 100 |
0 |
0 |
|a AHMAD Ibrahim
|f Tan Sri Datuk
|c 1916-1999
|
| 245 |
1 |
0 |
|a Sistem undang-undang di Malaysia
|c Ahmad Ibrahim dan Ahilemah Joned
|
| 250 |
0 |
0 |
|a 2nd ed.
|
| 260 |
0 |
0 |
|a Kuala Lumpur :
|b Dewan Bahasa dan Pustaka ,
|c 2002
|
| 300 |
|
|
|a xlix, 371 p. ;
|c 22 cm.
|
| 500 |
0 |
0 |
|a Includes bibliography : p. 363-368 and index
|
| 650 |
0 |
0 |
|a Law
|z Malaysia
|
| 651 |
0 |
0 |
|a Malaysia
|x Constitutional law
|
| 651 |
0 |
0 |
|a Malaysia
|x Constitutional Law, State
|
| 700 |
0 |
1 |
|a Ahilemah Joned
|
| 998 |
|
|
|a JPSM
|
| 999 |
|
|
|a 0000005006
|b Monograph
|c Open Shelf
|e Default branch
|
| 999 |
|
|
|a 0000005007
|b Monograph
|c Reference
|e Default branch
|